00389 a2200121 450000500170000002000180001708200140003511100680004924500680011726000240018530000410020970000170025020250630062653.0 a0-7879-6816-1 a658.4 FUN aFunding Effectiveness: Lessons in Building Non-Profit Capacity, aFunding Effectiveness: Lessons in Building Non-Profit Capacity, bJOSSEY- BASS,c2004 axv, 159p,: ill.; figurebIndexc23cm aKIBBE, K. D.